Представление документа в формате MARC21

ПолеНазваниеЗначение
  Тип записи a
  Библиографический уровень m
001 Контрольный номер RU/URAIT/583416
005 Дата корректировки 20260429163644.3
008 Кодируемые данные 260429s2026 RU y f j 000 0 rus u
020 Индекс ISBN __
a ISBN 978-5-534-01726-7
c Цена, тираж 1589.00
040 Источник каталогиз. __
a Служба первич. каталог. ИКО Юрайт
c Служба, преобразующая запись ИКО Юрайт
e Правила каталог. RCR
041 Код языка издания __
a Код языка текста rus
044 Код страны публикации __
a Код страны публикации RU
080 Индекс УДК __
a Индекс УДК 539.3(075.8)
084 Индекс другой классификации/Индекс ББК __
2 Источник индекса rubbk
a Индекс другой классификации/Индекс ББК 30.121я73
100 Автор __
a Автор Александров А. В.
q Полное имя Александров Анатолий Васильевич
245 Заглавие __
a Заглавие Сопротивление материалов в 2 ч. Часть 1
b Продолж. заглавия учебник и практикум для вузов
c Ответственность А. В. Александров, В. Д. Потапов, Б. П. Державин ; под редакцией А. В. Александрова.
250 Сведения об издании __
g пер. и доп
a Основные сведения об издании 9-е изд.
256 Характеристики компьютерного файла __
a Характеристики компьютерного файла Электрон. дан.
260 Выходные данные __
a Место издания Москва
b Издательство Юрайт
c Дата издания 2026
300 Физическое описание __
a Объем 293 с
440 Серия __
a Серия Высшее образование
500 Примечания __
a Примечание URL: https://urait.ru/bcode/583416 (дата обращения: 29.04.2026).
520 Аннотация __
a Аннотация Учебник посвещен более углубленному и детальному изучению предмета «сопротивление материалов». Пособие призвано помочь студентам инженерно-технических специальностей овладеть навыками прочностного расчета и конструирования деталей строительных и транспортных конструкций, а также научиться анализировать их надежность, материалоемкость и стоимость. Учебник оснащен большим количеством практических заданий, которые требуют различных методов решения. Для студентов вузов, преподавателей высших учебных заведений и практикующих инженеров.
538 Прим. о системных особенностях __
a Прим. о системных особенностях Режим доступа: Электронно-библиотечная система Юрайт, для авториз. пользователей
653 Ключевые слова __
a Ключевые слова Материаловедение
653 Ключевые слова __
a Ключевые слова Технические науки
653 Ключевые слова __
a Ключевые слова Сопротивление материалов
653 Ключевые слова __
a Ключевые слова Механика (сопромат)
653 Ключевые слова __
a Ключевые слова Механика. Сопротивление материалов
653 Ключевые слова __
a Ключевые слова Сопромат
653 Ключевые слова __
a Ключевые слова Основы материаловедения. Сопротивление материалов
653 Ключевые слова __
a Ключевые слова Сопротивление материалов (прикладная механика)
653 Ключевые слова __
a Ключевые слова Прикладная механика: сопротивление материалов
653 Ключевые слова __
a Ключевые слова Техническая механика. Сопротивление материалов
700 Другие авторы __
a Другие авторы Потапов В. Д.
q Полное имя Потапов Вадим Дмитриевич
700 Другие авторы __
a Другие авторы Державин Б. П.
q Полное имя Державин Борис Павлович
856 Электронный адрес документа 40
n Местонахождение сервера Юрайт
g Электронная книга
q Тип электронного формата html
h Имя пользователя ЮРАЙТ
v Часы доступа к ресурсу 20271231
2 Способ доступа Показать документ
x Служебное примечание https://urait.ru/book/cover/8AEDAD56-032E-454A-BC0C-DA7CA8D10FC4
u URL https://urait.ru/bcode/583416
856 Электронный адрес документа 48
q Тип электронного формата cover
u URL https://urait.ru/book/cover/8AEDAD56-032E-454A-BC0C-DA7CA8D10FC4
911 __
u 0030=https://urait.ru/bcode/583416
911 __
u 073a=9785534017267
u 073d=1589.00
911 __
u 106a=s
911 __
u 900l=
952 Тип литературы __
i Дисциплина Сопротивление материалов
952 Тип литературы __
i Дисциплина Механика (сопромат)
952 Тип литературы __
i Дисциплина Механика. Сопротивление материалов
952 Тип литературы __
i Дисциплина Сопромат
952 Тип литературы __
i Дисциплина Основы материаловедения. Сопротивление материалов
952 Тип литературы __
i Дисциплина Сопротивление материалов (прикладная механика)
952 Тип литературы __
i Дисциплина Прикладная механика: сопротивление материалов
952 Тип литературы __
i Дисциплина Техническая механика. Сопротивление материалов